Ładuje się......

Biomedical Photonics Handbook: Biomedical Diagnostics

Opis bibliograficzny
1. autor: Vo-Dinh Tuan
Wydane: CRC Press
Wydanie:2
LEADER 00220 a2200097 4500
100 |a Vo-Dinh Tuan 
245 |a Biomedical Photonics Handbook: Biomedical Diagnostics 
250 |a 2 
260 |b CRC Press 
942 |c BK  |6 _ 
999 |c 70219  |d 70219